Harleys In Hawaii - Katy Perry - All Lyrics - Statistics

General Stats
  • This quiz has been taken 45 times
  • The average score is 238 of 323
Answer Stats
Answer % Correct
a
100%
(Ah-ooh)
100%
I,
100%
I
100%
I...
100%
Oh,
100%
(Oh)
100%
Oh
100%
(Ooh)
100%
woah
100%
you
100%
You
100%
in
97%
and
94%
Harleys
94%
Hawaii-i
94%
Hawaii-i-i
94%
the
88%
go)
85%
I'm
85%
be
82%
take
82%
your
82%
me,
79%
me
79%
on
79%
to
79%
baby,
76%
Go
76%
(Let's
76%
my
76%
so
76%
So
76%
we
76%
When
76%
can
74%
Ridin'
74%
ridin'
74%
Boy,
71%
down
71%
hula
71%
hula-hula,
71%
no,
71%
no
71%
(No,
71%
no)
71%
No,
71%
ride
71%
ri-ide,
71%
there's
71%
There's
71%
air
68%
away?
68%
for
68%
I'll
68%
back,
65%
breath
65%
sky-y-y
65%
tell
65%
jeweler
62%
jeweler,
62%
(Jeweler)
62%
Let
62%
pink
62%
Sunday
62%
We're
62%
don't
59%
get
59%
hair
59%
of
59%
purple
59%
salty
59%
Want
59%
'Cause
56%
fingers
56%
good,
56%
holdin'
56%
island
56%
out
56%
explore
53%
feel
53%
highway
53%
run
53%
through
53%
tight,
53%
town?
53%
town?)
53%
Cruisin'
50%
why
50%
(Why
50%
ahead,
47%
engine
47%
feelin'
47%
up
47%
Call
44%
it
44%
brakes
41%
hit
41%
safe
41%
Vibes
41%
you'll
38%
heart-shaped
35%
lane-to-lane,
35%
slowin'
35%
Got
32%
revvin'
32%
same
32%
swervin'
32%
wave
32%
that
26%
real
24%
catch
6%
No matching quizzes found
Score Distribution
Percent of People with Each Score
Percentile by Number Answered
Your Score History
You have not taken this quiz